00601nam a22001817a 450000500170000001000150001702000260003203500140005803700130007208200080008510000180009324500530011126000300016427000680019430000300026250501090029270000180040120171102154908.0 aENG-121175 a9788120353602c395.00 aEN-104707 bDBAD/PUB a515 aKhatar,Dinesh aCalculus /cby Dinesh Khattar [and] Kavita Gupta aDelhibPHI Learningc2017 aRImjhim House, 111, Patparganj Industrial EstatebDelhie110092 aix,390p.c25cm(pbk)bill. aBased on latest syllabus under choice based credit system for honors courses other than mathematics (H)  a Gupta,Kavita